UM Logo

Recreation for life : (Record no. 18977)

MARC details
000 -LEADER
fixed length control field 00855nam a22002177a 4500
008 - FIXED-LENGTH DATA ELEMENTS--GENERAL INFORMATION
fixed length control field 240207b ||||| |||| 00| 0 eng d
020 ## - INTERNATIONAL STANDARD BOOK NUMBER
International Standard Book Number 9789719815679
082 ## - DEWEY DECIMAL CLASSIFICATION NUMBER
Edition number 2021
Classification number DFil 613.7
Item number M319
100 ## - MAIN ENTRY--PERSONAL NAME
Personal name Manuel, Regine D.
9 (RLIN) 51751
245 ## - TITLE STATEMENT
Title Recreation for life :
Remainder of title health-optimizing physical education for senior high school /
Statement of responsibility, etc. Regine D. Manuel and two others, Jerome A. Porto; coordinator.
250 ## - EDITION STATEMENT
Edition statement Revised edition.
260 ## - PUBLICATION, DISTRIBUTION, ETC. (IMPRINT)
Place of publication, distribution, etc. Quezon City :
Name of publisher, distributor, etc. C&E Publishing, Inc.,
Date of publication, distribution, etc. ©2021.
300 ## - PHYSICAL DESCRIPTION
Extent vii, 141 pages :
Other physical details illustrations ;
Dimensions 26 cm.
500 ## - GENERAL NOTE
General note Includes glossary, references, and index.
650 ## - SUBJECT ADDED ENTRY--TOPICAL TERM
Topical term or geographic name as entry element Physical education.
9 (RLIN) 51826
650 ## - SUBJECT ADDED ENTRY--TOPICAL TERM
Topical term or geographic name as entry element Games.
9 (RLIN) 51827
700 ## - ADDED ENTRY--PERSONAL NAME
Personal name Lozada, Al Denn John B.
Relator term author.
9 (RLIN) 51752
700 ## - ADDED ENTRY--PERSONAL NAME
Personal name Rubio, Prescia S.
Relator term author.
9 (RLIN) 51753
700 ## - ADDED ENTRY--PERSONAL NAME
Personal name Porto, Jerome A.
Relator term coordinator.
9 (RLIN) 50530
942 ## - ADDED ENTRY ELEMENTS (KOHA)
Source of classification or shelving scheme Dewey Decimal Classification
Koha item type Filipiniana
Holdings
Withdrawn status Lost status Source of classification or shelving scheme Damaged status Not for loan Collection code Home library Current library Date acquired Source of acquisition Cost, normal purchase price Total Checkouts Full call number Barcode Date last seen Price effective from Koha item type
    Dewey Decimal Classification     Filipiniana UM Digos College - LIC UM Digos College - LIC 08/08/2023 Purchased 295.00   DFil 613.7 M319 2021 27555 05/15/2025 02/07/2024 Filipiniana